Представление документа в формате MARC21

Поле Инд. ПП Название Значение
Тип записи a
Библиографический уровень m
001 Контрольный номер 1c5b7f95-57d7-4f72-b6cb-320d2f7b7ffd
005 Дата корректировки 20170830111500.7
008 Кодируемые данные 041201
020 a ISBN 5-09-013713-7 (2)
c Цена, тираж 73.00
020 a ISBN 5-09-013714-5
040 a Служба первич. каталог. НБ ТвГУ
041 0_ a Код языка текста rus
080 a Индекс УДК 882.09(075.3)
084 a Индекс другой классификации/Индекс ББК Ш5(2=411.2)5я721-1
090 a Полочн. индекс Ш5(2=411.2)
x Авторский знак Л33
100 1_ a Автор Лебедев Юрий Владимирович
q Полное имя Лебедев Ю. В.
245 10 a Заглавие Русская литература XIX века. 10 класс
b Продолж. заглавия учебник для общеобразовательных учреждений : в 2 ч.
n Номер части/ раздела Ч. 2
246 03 a Другая форма заглавия Литература. 10 класс
250 a Основные сведения об издании 6-е изд., перераб.
260 0_ a Место издания Москва
b Издательство Просвещение
c Дата издания 2004
300 a Объем 380, [1] с.
b Иллюстрации/ тип воспроизводства портр.
504 a Библиография Библиогр.: с. 372-376
583 a Действие Получение впервые 425 30.11.2004
k Исполнитель действия ООО "Кроун"
650 04 a Основная рубрика Русская литература
x Основная подрубрика История
x Основная подрубрика Учебники для средней школы
653 0_ a Ключевые слова Русская литература
888 a За счет средств "Лицея"
901 t Тип документа m
930 a Новая/Ретро учебники
952 p 425.2004 73.00 1 792467
p 425.2004 73.00 1 792468
c Вид литературы К ру
954 a Дата поступления на обработку 20041208